000 00453nam a22001812 4500
001 0000004509
005 20170406115859.0
008 141003s xx 000 0 eng d
020 _c$
040 _aYour Holding Symbol
_cYour Holding Symbol
100 1 _aMichener,James A.
245 1 0 _aCaribben.
250 _a ed.
260 _alondon :
_bmandarin,
_c1990.
300 _a944 p. ;
_c cm.
650 0 _afiction.
908 _a141003
999 _c4333
_d4333